000 00702nam a2200217Ia 4500
003 GCL
008 140319s9999 xx 000 0 ara d
040 _aGCL /
_cGCL
082 0 4 _a811.1
_bز ش
100 1 _aمحمد عبدالقادر احمد عطا
245 1 0 _aشرح المعلقات السبع /
_cمحمد عبدالقادر احمد عطا
700 1 _aالزوزنى , ابوعبدالله حسين بن
260 _a[S.N] :
_bمكتبة النهضة المصرية ،
_c1987
300 _a455 ص
490 _a
650 0 4 _aالشعر العربى
650 0 4 _aالادب العربى
650 0 4 _aالعصر الجاهلى
650 0 4 _aالمعلقات
942 _2ddc
_cBK
999 _c31218
_d31218